[Event "Gibtelecom AmatWk2 5th"]
[Site "Gibraltar"]
[Date "2007.01.28"]
[Round "1.40"]
[White "Leanse, Martin"]
[Black "Lozano, Mena"]
[Result "1-0"]
[WhiteElo "1664"]
[BlackElo "1352"]
[PlyCount "99"]
[EventDate "2007.01.28"]
[EventType "swiss"]
[EventRounds "5"]
[EventCountry "GGB"]
[SourceTitle "BritBase"]
[Source "www.saund.co.uk"]
[SourceDate "2018.02.10"]
[SourceVersion "1"]
[SourceVersionDate "2018.02.10"]
[SourceQuality "1"]

1. e4 e5 2. f4 exf4 3. Nf3 g5 4. Bc4 Bg7 5. d4 d6 6. O-O a6 7. a4 Qe7 8. c3 Be6
9. Bd3 f6 10. d5 Bf7 11. Nd4 Bg6 12. Re1 Nd7 13. Ne6 Ne5 14. Bf1 h5 15. a5 Rh7
16. Qb3 c6 17. Qb6 Rc8 18. Nd2 Bf7 19. Nxg7+ Rxg7 20. c4 Qc7 21. Nb3 c5 22. Nd2
Qxb6 23. axb6 Nd7 24. Ra3 Rb8 25. Rb3 Ne7 26. Nf3 Nc8 27. Bd2 Ncxb6 28. Bd3 Nc8
29. Bc3 Ne5 30. Nxe5 fxe5 31. Ra1 Bg6 32. Rxa6 b6 33. Rba3 Rgb7 34. Bc2 Kf7 35.
h3 b5 36. cxb5 Rxb5 37. Rc6 R5b6 38. Rc7+ Ne7 39. Raa7 Re8 40. Ba4 Rbb8 41.
Bxe8+ Rxe8 42. Bxe5 dxe5 43. d6 Bxe4 44. Rxe7+ Rxe7 45. Rxe7+ Kf8 46. Rxe5 Bc6
47. Re7 g4 48. hxg4 hxg4 49. Rc7 Be4 50. Rc8+ 1-0

[Event "Gibtelecom AmatWk2 5th"]
[Site "Gibraltar"]
[Date "2007.01.28"]
[Round "1.41"]
[White "Holland, Bruce"]
[Black "Rough, Robert E"]
[Result "0-1"]
[WhiteElo "1184"]
[BlackElo "1664"]
[PlyCount "46"]
[EventDate "2007.01.28"]
[EventType "swiss"]
[EventRounds "5"]
[EventCountry "GGB"]
[SourceTitle "BritBase"]
[Source "www.saund.co.uk"]
[SourceDate "2018.02.10"]
[SourceVersion "1"]
[SourceVersionDate "2018.02.10"]
[SourceQuality "1"]

1. e4 d6 2. d4 Nf6 3. Nc3 e5 4. dxe5 dxe5 5. Qxd8+ Kxd8 6. Bd3 Be6 7. Nf3 Nbd7
8. O-O h6 9. h3 c6 10. Be3 Bd6 11. Ne2 Kc7 12. Ng3 g5 13. c4 b6 14. a3 g4 15.
hxg4 Nxg4 16. Bd2 Rag8 17. Nh4 Nxf2 18. Kxf2 Bc5+ 19. Be3 Bxe3+ 20. Kxe3 Rxg3+
21. Kd2 Nc5 22. Rf3 Rxf3 23. gxf3 Nb3+ 0-1

[Event "Gibtelecom AmatWk2 5th"]
[Site "Gibraltar"]
[Date "2007.01.29"]
[Round "2.27"]
[White "Livesey, R Nigel"]
[Black "Leanse, Martin"]
[Result "1/2-1/2"]
[WhiteElo "1768"]
[BlackElo "1664"]
[PlyCount "45"]
[EventDate "2007.01.28"]
[EventType "swiss"]
[EventRounds "5"]
[EventCountry "GGB"]
[SourceTitle "BritBase"]
[Source "www.saund.co.uk"]
[SourceDate "2018.02.10"]
[SourceVersion "1"]
[SourceVersionDate "2018.02.10"]
[SourceQuality "1"]

1. c4 Nf6 2. g3 e6 3. Bg2 d5 4. cxd5 exd5 5. Nf3 Nc6 6. O-O Bd6 7. d4 h6 8. Nc3
a6 9. h3 Be6 10. Bd2 Qd7 11. Kh2 O-O-O 12. b4 Bxb4 13. Qb3 Qe7 14. a3 Bd6 15.
Rfb1 Kd7 16. Qxb7 Ra8 17. Qb3 Bf5 18. Rc1 Rhb8 19. Qa4 Rb6 20. e3 Rab8 21. Ne1
Be6 22. Nd3 Kd8 23. Nf4 1/2-1/2

[Event "Gibtelecom AmatWk2 5th"]
[Site "Gibraltar"]
[Date "2007.01.29"]
[Round "2.28"]
[White "Kennedy, Philip J"]
[Black "Cole, David"]
[Result "1-0"]
[WhiteElo "1656"]
[BlackElo "1712"]
[PlyCount "135"]
[EventDate "2007.01.28"]
[EventType "swiss"]
[EventRounds "5"]
[EventCountry "GGB"]
[SourceTitle "BritBase"]
[Source "www.saund.co.uk"]
[SourceDate "2018.02.10"]
[SourceVersion "1"]
[SourceVersionDate "2018.02.10"]
[SourceQuality "1"]

1. Nf3 d5 2. g3 c5 3. Bg2 Nc6 4. d3 e5 5. O-O Nf6 6. Bg5 h6 7. Bxf6 Qxf6 8. Nc3
Be6 9. e4 d4 10. Nd5 Qd8 11. Nd2 Bd6 12. Nc4 O-O 13. f4 b5 14. Nxd6 Qxd6 15.
fxe5 Nxe5 16. Nf4 Ng4 17. Nxe6 Ne3 18. Qe2 fxe6 19. e5 Qxe5 20. Bxa8 Rxa8 21.
Qf3 Rd8 22. Rae1 Qg5 23. Rf2 Qe7 24. Rc1 Rd5 25. Qe4 Rg5 26. Qa8+ Kh7 27. Qe4+
Rg6 28. c3 Qg5 29. Re1 Nf5 30. Qf4 Qh5 31. Qf3 Qh3 32. Qg2 Qh5 33. Qf3 Qg5 34.
Qf4 Qd8 35. cxd4 Nxd4 36. Qe4 Qg5 37. Qf4 Qd5 38. b3 Qh5 39. Qe4 a5 40. Rc1 Qg5
41. Rcf1 Nf5 42. Qf4 Qh5 43. Qe4 Qh3 44. Qg2 Qxg2+ 45. Rxg2 Ne3 46. Re1 Nxg2
47. Kxg2 Rf6 48. Re5 Rf5 49. Rxe6 Rd5 50. Ra6 Rxd3 51. Rxa5 Rd2+ 52. Kh3 c4 53.
Rxb5 cxb3 54. axb3 Rd4 55. Rb6 h5 56. b4 g5 57. b5 Kg7 58. Rb8 Rb4 59. b6 Kh7
60. b7 Kg7 61. Kg2 h4 62. gxh4 gxh4 63. Kh3 Kh7 64. Kg2 Kg7 65. Kf3 Kf7 66. Rh8
Rb3+ 67. Ke4 Rb4+ 68. Kd3 1-0

[Event "Gibtelecom AmatWk2 5th"]
[Site "Gibraltar"]
[Date "2007.01.29"]
[Round "2.29"]
[White "Betari, Abdelkrim"]
[Black "Poggio, Freddie"]
[Result "1-0"]
[WhiteElo "1300"]
[BlackElo "1400"]
[PlyCount "87"]
[EventDate "2007.01.28"]
[EventType "swiss"]
[EventRounds "5"]
[EventCountry "GGB"]
[SourceTitle "BritBase"]
[Source "www.saund.co.uk"]
[SourceDate "2018.02.10"]
[SourceVersion "1"]
[SourceVersionDate "2018.02.10"]
[SourceQuality "1"]

1. e4 c5 2. Nf3 d6 3. Nc3 a6 4. a4 Nf6 5. Bc4 e6 6. d4 cxd4 7. Qxd4 Nc6 8. Qd1
Be7 9. h3 Nxe4 10. Nxe4 d5 11. Bxd5 exd5 12. Nc3 Be6 13. O-O O-O 14. Ne2 Qc7
15. c3 Rad8 16. Bg5 Rfe8 17. Bh4 Bxh4 18. Nxh4 Qe7 19. Nf3 Bxh3 20. Nf4 Be6 21.
Re1 Qd7 22. Ne5 Nxe5 23. Rxe5 d4 24. cxd4 Qxd4 25. Qxd4 Rxd4 26. Ne2 Rb4 27.
Re1 Kf8 28. Nc3 Rxb2 29. Nd5 Rc2 30. Nb6 Rd2 31. f4 Rd6 32. a5 f5 33. Nc4 Rc6
34. Nb6 Kf7 35. g4 fxg4 36. f5 Rxb6 37. axb6 Bd7 38. Rxe8 Bxe8 39. Rc1 Bd7 40.
Rc7 Ke8 41. Rxb7 Bc6 42. Rxg7 h5 43. Kf2 a5 44. Kg3 1-0

[Event "Gibtelecom AmatWk2 5th"]
[Site "Gibraltar"]
[Date "2007.01.29"]
[Round "2.30"]
[White "Jenner, Tim"]
[Black "Goodfellow, Russell"]
[Result "0-1"]
[WhiteElo "1232"]
[BlackElo "1704"]
[PlyCount "96"]
[EventDate "2007.01.28"]
[EventType "swiss"]
[EventRounds "5"]
[EventCountry "GGB"]
[SourceTitle "BritBase"]
[Source "www.saund.co.uk"]
[SourceDate "2018.02.10"]
[SourceVersion "1"]
[SourceVersionDate "2018.02.10"]
[SourceQuality "1"]

1. e4 c5 2. c3 d5 3. exd5 Qxd5 4. Nf3 e5 5. d3 Nc6 6. c4 Qd6 7. Nc3 f6 8. Be2
b6 9. O-O Be6 10. Be3 Nge7 11. Nb5 Qd7 12. a3 Nf5 13. Bd2 Be7 14. Rb1 O-O 15.
Re1 a6 16. Nc3 Nfd4 17. Nxd4 Nxd4 18. h3 Nxe2+ 19. Qxe2 Bf5 20. Ne4 Rfd8 21.
Rbd1 Qxd3 22. Qxd3 Rxd3 23. Ng3 Be6 24. Be3 Bxc4 25. Rxd3 Bxd3 26. Rd1 Rd8 27.
f4 exf4 28. Bxf4 Rd7 29. Re1 Kf7 30. Nh1 c4 31. g4 Bc5+ 32. Kh2 Bd4 33. Bc1 Rd5
34. h4 Rb5 35. g5 fxg5 36. Bxg5 Rxb2+ 37. Kg3 c3 38. Re7+ Kf8 39. h5 h6 40. Rd7
Be5+ 41. Bf4 Bxf4+ 42. Kxf4 c2 43. Rc7 Rb1 44. Nf2 Bh7 45. Ng4 c1=Q+ 46. Rxc1
Rxc1 47. Ne3 Ra1 48. Nc4 b5 0-1

[Event "Gibtelecom AmatWk2 5th"]
[Site "Gibraltar"]
[Date "2007.01.29"]
[Round "2.31"]
[White "Rough, Robert E"]
[Black "Sandercock, E Barry"]
[Result "1-0"]
[WhiteElo "1664"]
[BlackElo "1648"]
[PlyCount "103"]
[EventDate "2007.01.28"]
[EventType "swiss"]
[EventRounds "5"]
[EventCountry "GGB"]
[SourceTitle "BritBase"]
[Source "www.saund.co.uk"]
[SourceDate "2018.02.10"]
[SourceVersion "1"]
[SourceVersionDate "2018.02.10"]
[SourceQuality "1"]

1. d4 b6 2. Bf4 Bb7 3. e3 e6 4. Nf3 Nf6 5. h3 Ne4 6. Bd3 f5 7. Nbd2 Be7 8. O-O
O-O 9. c3 Qe8 10. Bxc7 d6 11. Bxb8 Rxb8 12. Bc4 Qg6 13. Nxe4 Bxe4 14. Bd3 Bb7
15. Re1 Kh8 16. Qe2 Be4 17. Bxe4 fxe4 18. Nd2 Bh4 19. Rf1 d5 20. Qg4 Qxg4 21.
hxg4 Bg5 22. Rae1 Rf7 23. f4 Bh4 24. Re2 Bg3 25. Rc1 Bh4 26. Nf1 Bf6 27. g3 Rc8
28. g5 Bd8 29. Nh2 h5 30. gxh6 gxh6 31. g4 Rg7 32. Rg2 b5 33. a3 a5 34. Rcc2
Rgc7 35. Rc1 b4 36. Rgc2 Be7 37. a4 Rc4 38. Nf1 b3 39. Rh2 Kg7 40. Ra1 R4c7 41.
Nd2 Rb7 42. Kf2 Rh8 43. Rah1 Rbb8 44. g5 hxg5 45. Rxh8 Rxh8 46. Rxh8 Kxh8 47.
fxg5 Bxg5 48. Nxb3 Bh4+ 49. Ke2 Bd8 50. Nc5 Kg8 51. Nxe6 Bb6 52. Nf4 1-0

[Event "Gibtelecom AmatWk2 5th"]
[Site "Gibraltar"]
[Date "2007.01.29"]
[Round "2.32"]
[White "Kuenitz, Klaus"]
[Black "Elmokhtar, Baye"]
[Result "1-0"]
[WhiteElo "1733"]
[BlackElo "1552"]
[PlyCount "63"]
[EventDate "2007.01.28"]
[EventType "swiss"]
[EventRounds "5"]
[EventCountry "GGB"]
[SourceTitle "BritBase"]
[Source "www.saund.co.uk"]
[SourceDate "2018.02.10"]
[SourceVersion "1"]
[SourceVersionDate "2018.02.10"]
[SourceQuality "1"]

1. d4 g6 2. c4 c5 3. Nf3 Bg7 4. e4 Nc6 5. dxc5 Qa5+ 6. Nc3 Qxc5 7. Be3 Bxc3+ 8.
bxc3 Qa5 9. Qc2 Nf6 10. h3 O-O 11. Bd3 e6 12. O-O Nh5 13. Rab1 Qd8 14. Bc5 d6
15. Be3 b6 16. Rbd1 Qe7 17. Be2 Ng7 18. Bg5 f6 19. Bf4 e5 20. Bc1 Bb7 21. Ba3
Rad8 22. Qd2 Ne8 23. Nh2 Kg7 24. Ng4 f5 25. Qh6+ Kh8 26. exf5 Rxf5 27. Ne3 Rf8
28. Bf3 Na5 29. Bxb7 Nxb7 30. Rd2 Nc5 31. Bxc5 dxc5 32. Rxd8 1-0

[Event "Gibtelecom AmatWk2 5th"]
[Site "Gibraltar"]
[Date "2007.01.29"]
[Round "2.33"]
[White "Lozano, Mena"]
[Black "Barclay, Richard"]
[Result "1-0"]
[WhiteElo "1352"]
[BlackElo "1752"]
[PlyCount "75"]
[EventDate "2007.01.28"]
[EventType "swiss"]
[EventRounds "5"]
[EventCountry "GGB"]
[SourceTitle "BritBase"]
[Source "www.saund.co.uk"]
[SourceDate "2018.02.10"]
[SourceVersion "1"]
[SourceVersionDate "2018.02.10"]
[SourceQuality "1"]

1. e4 c6 2. d4 d5 3. Nc3 dxe4 4. Nxe4 Nf6 5. Nxf6+ exf6 6. Bc4 Be7 7. Nf3 O-O
8. O-O Bg4 9. Qd3 Bxf3 10. Qxf3 Qxd4 11. Bb3 Qd8 12. Rd1 Qc8 13. Bf4 Nd7 14.
Rd3 Nc5 15. Re3 Nxb3 16. axb3 Bc5 17. Rc3 Bd4 18. Rd3 Bxb2 19. Rad1 Be5 20.
Bxe5 fxe5 21. Re1 Qc7 22. Qg4 Rae8 23. Rg3 f6 24. Rd1 Rd8 25. Rxd8 Rxd8 26. h4
Qd7 27. Qc4+ Qd5 28. Rd3 Kf7 29. Rxd5 Rxd5 30. Kf1 Kg6 31. Qg4+ Kh6 32. Ke2 Rd4
33. Qc8 Rxh4 34. Qxb7 c5 35. Qxa7 c4 36. g3 Rd4 37. Qxd4 exd4 38. b4 1-0

[Event "Gibtelecom AmatWk2 5th"]
[Site "Gibraltar"]
[Date "2007.01.29"]
[Round "2.34"]
[White "Beadle, John R"]
[Black "Canepa, Mark"]
[Result "1-0"]
[WhiteElo "1680"]
[BlackElo "1400"]
[PlyCount "65"]
[EventDate "2007.01.28"]
[EventType "swiss"]
[EventRounds "5"]
[EventCountry "GGB"]
[SourceTitle "BritBase"]
[Source "www.saund.co.uk"]
[SourceDate "2018.02.10"]
[SourceVersion "1"]
[SourceVersionDate "2018.02.10"]
[SourceQuality "1"]

1. e4 c5 2. Nf3 d5 3. exd5 Qxd5 4. Nc3 Qd8 5. Bc4 Nc6 6. h3 g6 7. b3 Bg7 8. Bb2
a6 9. Rb1 b5 10. Bd5 Qc7 11. Nxb5 axb5 12. Bxg7 Rxa2 13. Bxc6+ Qxc6 14. Bxh8 f6
15. Ra1 Qe4+ 16. Kf1 Rxc2 17. Qe2 Qc6 18. Kg1 Bb7 19. Qd3 Qe4 20. Qxb5+ Kf7 21.
Re1 Qd5 22. Kh2 Rxd2 23. Rhf1 Qd6+ 24. Kg1 Qd5 25. Re2 Rxe2 26. Qxe2 Qxb3 27.
Re1 Qd5 28. Bxf6 Nxf6 29. Qxe7+ Kg8 30. Qxf6 Bc6 31. Qe6+ Qxe6 32. Rxe6 Bd5 33.
Re5 1-0

[Event "Gibtelecom AmatWk2 5th"]
[Site "Gibraltar"]
[Date "2007.01.29"]
[Round "2.36"]
[White "Garcia Lechugo, Francisco"]
[Black "Holland, Bruce"]
[Result "0-1"]
[WhiteElo "1300"]
[BlackElo "1184"]
[PlyCount "34"]
[EventDate "2007.01.28"]
[EventType "swiss"]
[EventRounds "5"]
[EventCountry "GGB"]
[SourceTitle "BritBase"]
[Source "www.saund.co.uk"]
[SourceDate "2018.02.10"]
[SourceVersion "1"]
[SourceVersionDate "2018.02.10"]
[SourceQuality "1"]

1. Nf3 d5 2. c4 Nf6 3. g3 b6 4. Bg2 Bb7 5. O-O e6 6. b3 Be7 7. Bb2 O-O 8. Na3
c5 9. e3 Nbd7 10. Nc2 Qc7 11. cxd5 Bxd5 12. d4 Rfd8 13. Rc1 Qb7 14. dxc5 Nxc5
15. Qe2 Rac8 16. Rfd1 Nce4 17. Nb4 Bxb4 0-1

[Event "Gibtelecom AmatWk2 5th"]
[Site "Gibraltar"]
[Date "2007.01.29"]
[Round "2.37"]
[White "Bath, Tom"]
[Black "Hewitt, Sean D"]
[Result "0-1"]
[WhiteElo "1400"]
[BlackElo "1712"]
[PlyCount "82"]
[EventDate "2007.01.28"]
[EventType "swiss"]
[EventRounds "5"]
[EventCountry "GGB"]
[SourceTitle "BritBase"]
[Source "www.saund.co.uk"]
[SourceDate "2018.02.10"]
[SourceVersion "1"]
[SourceVersionDate "2018.02.10"]
[SourceQuality "1"]

1. c4 g6 2. Nc3 Bg7 3. Nf3 c5 4. d4 cxd4 5. Nxd4 Nc6 6. e3 e6 7. g3 Nge7 8. Bg2
O-O 9. O-O Rb8 10. Nce2 d5 11. b3 dxc4 12. bxc4 Nxd4 13. exd4 Nf5 14. Be3 Qf6
15. Qd2 Re8 16. Rae1 Qd8 17. g4 Nd6 18. Rc1 Bd7 19. f4 b5 20. c5 Nc4 21. Qd3
Qc8 22. Rf2 Bc6 23. Bf3 Qc7 24. Rcf1 Rbd8 25. Bxc6 Qxc6 26. Rf3 Qxc5 27. Rd1
Qd5 28. Bf2 Nb2 29. Nc3 Nxd3 30. Nxd5 Nxf2 31. Kxf2 Rxd5 32. Rfd3 Red8 33. Ke3
Kf8 34. h4 f5 35. g5 Ke7 36. Rc1 Rxd4 37. Rc7+ R4d7 38. Rcxd7+ Rxd7 39. Rxd7+
Kxd7 40. Kd3 Kd6 41. a3 Kd5 0-1

[Event "Gibtelecom AmatWk2 5th"]
[Site "Gibraltar"]
[Date "2007.01.30"]
[Round "3.27"]
[White "Rough, Robert E"]
[Black "Betari, Abdelkrim"]
[Result "1-0"]
[WhiteElo "1664"]
[BlackElo "1300"]
[PlyCount "137"]
[EventDate "2007.01.28"]
[EventType "swiss"]
[EventRounds "5"]
[EventCountry "GGB"]
[SourceTitle "BritBase"]
[Source "www.saund.co.uk"]
[SourceDate "2018.02.10"]
[SourceVersion "1"]
[SourceVersionDate "2018.02.10"]
[SourceQuality "1"]

1. d4 c6 2. Bf4 d5 3. c3 Bf5 4. e3 Nf6 5. Nf3 h6 6. h3 Nbd7 7. Nbd2 Qb6 8. Qb3
e6 9. Be2 c5 10. O-O c4 11. Qxb6 axb6 12. Ne5 Be7 13. Rfe1 O-O 14. Ndf3 b5 15.
a3 Nb6 16. Nd2 Na4 17. Ra2 Rfd8 18. Bd1 Ne8 19. e4 dxe4 20. Nxe4 f6 21. Bxa4
Rxa4 22. Nf3 Kf7 23. Raa1 Rd5 24. Re3 b4 25. cxb4 Bxb4 26. Rc1 Be7 27. Nc3 Ra8
28. Nxd5 exd5 29. Rce1 Bf8 30. g4 Be4 31. Nd2 g5 32. Bg3 f5 33. gxf5 Bxf5 34.
Kh2 Rd8 35. Rf3 Kg6 36. Rfe3 Nf6 37. Be5 b5 38. Nb1 b4 39. axb4 Bxb4 40. Nc3
Ne4 41. R1e2 Nf6 42. f3 Bd3 43. Rg2 Kf5 44. Rg1 Rd7 45. Ra1 h5 46. Ra6 Ng8 47.
Bg3 Re7 48. Re5+ Rxe5 49. Bxe5 Bxc3 50. bxc3 Be2 51. Kg3 g4 52. fxg4+ hxg4 53.
h4 Ne7 54. h5 Ke4 55. h6 Nf5+ 56. Kf2 Nxh6 57. Rxh6 Kd3 58. Ra6 Bd1 59. Ra5 Bf3
60. Ra3 Bd1 61. Bd6 Bf3 62. Bb4 Kc2 63. Ra6 Kd3 64. Re6 Bd1 65. Kg3 Bf3 66. Rg6
Ke3 67. Rxg4 Bd1 68. Rg5 Bc2 69. Rxd5 1-0

[Event "Gibtelecom AmatWk2 5th"]
[Site "Gibraltar"]
[Date "2007.01.30"]
[Round "3.28"]
[White "Goodfellow, Russell"]
[Black "Kennedy, Philip J"]
[Result "1/2-1/2"]
[WhiteElo "1704"]
[BlackElo "1656"]
[PlyCount "135"]
[EventDate "2007.01.28"]
[EventType "swiss"]
[EventRounds "5"]
[EventCountry "GGB"]
[SourceTitle "BritBase"]
[Source "www.saund.co.uk"]
[SourceDate "2018.02.10"]
[SourceVersion "1"]
[SourceVersionDate "2018.02.10"]
[SourceQuality "1"]

1. e4 c5 2. Nf3 d6 3. d4 cxd4 4. Nxd4 Nf6 5. Nc3 g6 6. Be3 Bg7 7. Be2 O-O 8.
O-O Nc6 9. Nb3 Be6 10. f3 Rc8 11. Qd2 a6 12. Rac1 Ne5 13. Nd5 Bxd5 14. exd5 Qc7
15. c4 Ned7 16. Nd4 Rfe8 17. Rfd1 Rcd8 18. b4 e5 19. dxe6 fxe6 20. Nb3 Ne5 21.
h3 Nf7 22. Qe1 Qb8 23. Qf2 Rc8 24. c5 d5 25. f4 Ne4 26. Qe1 Nd8 27. Bf3 Nf6 28.
Qf2 Nc6 29. a3 Rcd8 30. g3 Qc7 31. Nd4 e5 32. Nxc6 bxc6 33. fxe5 Qxe5 34. Bf4
Qe6 35. Kh2 Qd7 36. Bd6 Re6 37. g4 Ne4 38. Bxe4 Rxe4 39. Re1 Rde8 40. Kg2 Rxe1
41. Rxe1 Rxe1 42. Qxe1 Qf7 43. Qe2 d4 44. Qf3 Qxf3+ 45. Kxf3 d3 46. Ke3 Bb2 47.
Kxd3 Bxa3 48. Kc3 Bc1 49. Kb3 Kf7 50. Ka4 Bd2 51. Ka5 Ke6 52. Bf8 Kd5 53. Kxa6
Bxb4 54. Kb6 Ba3 55. Be7 h5 56. gxh5 gxh5 57. Bf8 Bb2 58. Bd6 Bf6 59. Bf8 Bd8+
60. Kb7 Ba5 61. Ka6 Bd8 62. Bd6 Bf6 63. Kb6 Bg7 64. Be7 Ke6 65. Bd6 Kd7 66. Kb7
Bf6 67. Kb6 Bd8+ 68. Kb7 1/2-1/2

[Event "Gibtelecom AmatWk2 5th"]
[Site "Gibraltar"]
[Date "2007.01.30"]
[Round "3.29"]
[White "Leanse, Martin"]
[Black "Kuenitz, Klaus"]
[Result "0-1"]
[WhiteElo "1664"]
[BlackElo "1733"]
[PlyCount "77"]
[EventDate "2007.01.28"]
[EventType "swiss"]
[EventRounds "5"]
[EventCountry "GGB"]
[SourceTitle "BritBase"]
[Source "www.saund.co.uk"]
[SourceDate "2018.02.10"]
[SourceVersion "1"]
[SourceVersionDate "2018.02.10"]
[SourceQuality "1"]

1. e4 e6 2. d4 d5 3. Nc3 dxe4 4. Nxe4 Nd7 5. Nf3 Ngf6 6. Ng3 c5 7. Bd3 cxd4 8.
Nxd4 Be7 9. Bc4 O-O 10. O-O Nb6 11. Bd3 Nbd5 12. c3 Bd7 13. Re1 Qb6 14. h3 Bc5
15. a4 a5 16. Bc2 Rfe8 17. Re5 Rad8 18. Nh5 Bc8 19. Nxg7 Kxg7 20. Rg5+ Kf8 21.
Rg3 Bxd4 22. cxd4 Ke7 23. Bg5 Rg8 24. Qh5 Qxb2 25. Bxf6+ Nxf6 26. Qc5+ Ke8 27.
Rb1 Qxd4 28. Rxg8+ Nxg8 29. Qg5 Ne7 30. Rd1 Qc3 31. Qb5+ Bd7 32. Qb1 Bc6 33.
Rc1 Qg7 34. g3 Qh6 35. Kh2 Rd2 36. Rf1 Qf6 37. Kg1 Qf3 38. Be4 Bxe4 39. Qb5+
0-1

[Event "Gibtelecom AmatWk2 5th"]
[Site "Gibraltar"]
[Date "2007.01.30"]
[Round "3.30"]
[White "Poggio, Freddie"]
[Black "Livesey, R Nigel"]
[Result "1-0"]
[WhiteElo "1400"]
[BlackElo "1768"]
[PlyCount "65"]
[EventDate "2007.01.28"]
[EventType "swiss"]
[EventRounds "5"]
[EventCountry "GGB"]
[SourceTitle "BritBase"]
[Source "www.saund.co.uk"]
[SourceDate "2018.02.10"]
[SourceVersion "1"]
[SourceVersionDate "2018.02.10"]
[SourceQuality "1"]

1. d4 d5 2. c4 e6 3. Nc3 Nf6 4. Bg5 Nbd7 5. Nf3 c6 6. e3 Qa5 7. a3 Ne4 8. Qc1
Nxg5 9. Nxg5 Nf6 10. b4 Qd8 11. Nf3 Bd6 12. Bd3 dxc4 13. Bxc4 Qc7 14. e4 Bf4
15. Qc2 O-O 16. e5 Nd5 17. Ne4 a5 18. O-O axb4 19. axb4 Nxb4 20. Qb3 Rxa1 21.
Rxa1 Na6 22. g3 Bh6 23. Nd6 b5 24. Bd3 f5 25. Bxf5 Rxf5 26. Nxf5 Qf7 27. Nd6
Qf8 28. Rxa6 Bxa6 29. Qxe6+ Kh8 30. Nf7+ Kg8 31. Nxh6+ Kh8 32. Nf7+ Kg8 33.
N7g5+ {remaining moves illegible} 1-0

[Event "Gibtelecom AmatWk2 5th"]
[Site "Gibraltar"]
[Date "2007.01.30"]
[Round "3.31"]
[White "Cole, David"]
[Black "Lozano, Mena"]
[Result "1-0"]
[WhiteElo "1712"]
[BlackElo "1352"]
[PlyCount "109"]
[EventDate "2007.01.28"]
[EventType "swiss"]
[EventRounds "5"]
[EventCountry "GGB"]
[SourceTitle "BritBase"]
[Source "www.saund.co.uk"]
[SourceDate "2018.02.10"]
[SourceVersion "1"]
[SourceVersionDate "2018.02.10"]
[SourceQuality "1"]

1. e4 e5 2. Nf3 Nc6 3. Bb5 f5 4. d3 fxe4 5. dxe4 Nf6 6. O-O d6 7. h3 Nxe4 8.
Re1 Nf6 9. Nc3 Be6 10. Ng5 Qe7 11. Nxe6 Qxe6 12. f4 Be7 13. Qf3 O-O 14. Bxc6
bxc6 15. Qxc6 Qd7 16. Qxd7 Nxd7 17. Nd5 Bd8 18. fxe5 Nxe5 19. Bd2 c6 20. Nb4
Rc8 21. Bc3 Bf6 22. Rad1 Rfd8 23. Nd3 Nxd3 24. Rxd3 Bxc3 25. Rxc3 Rc7 26. Re4
Kf7 27. Rf3+ Kg8 28. Ra4 Re8 29. Rd4 d5 30. Rc3 Re5 31. Rc5 Kf7 32. c4 Re4 33.
Rdxd5 Re2 34. Rf5+ Ke6 35. Rf2 Rxf2 36. Kxf2 Kd6 37. Rf5 Ke6 38. Rf3 Rd7 39.
Re3+ Kf5 40. Ke2 Rd4 41. b3 g5 42. Re7 Re4+ 43. Rxe4 Kxe4 44. g3 h5 45. a3 c5
46. b4 cxb4 47. axb4 Kd4 48. c5 a5 49. bxa5 Kxc5 50. Kf3 Kb5 51. Ke4 h4 52. g4
Kxa5 53. Kf5 Kb6 54. Kxg5 Kc7 55. Kxh4 1-0

[Event "Gibtelecom AmatWk2 5th"]
[Site "Gibraltar"]
[Date "2007.01.30"]
[Round "3.32"]
[White "Holland, Bruce"]
[Black "Beadle, John R"]
[Result "1/2-1/2"]
[WhiteElo "1184"]
[BlackElo "1680"]
[PlyCount "62"]
[EventDate "2007.01.28"]
[EventType "swiss"]
[EventRounds "5"]
[EventCountry "GGB"]
[SourceTitle "BritBase"]
[Source "www.saund.co.uk"]
[SourceDate "2018.02.10"]
[SourceVersion "1"]
[SourceVersionDate "2018.02.10"]
[SourceQuality "1"]

1. e4 c5 2. Nf3 Nc6 3. d4 cxd4 4. Nxd4 e5 5. Nb3 Nf6 6. Nc3 Bb4 7. Bd3 d5 8.
O-O d4 9. Ne2 Bg4 10. a3 Bd6 11. Qe1 Bxe2 12. Qxe2 Qc7 13. Nd2 O-O-O 14. Nc4
Rhe8 15. Bd2 g6 16. Nxd6+ Qxd6 17. Rfc1 Nd7 18. Bb5 f5 19. Bg5 Nf6 20. f3 Kb8
21. Qc4 Rf8 22. Rd1 Rc8 23. Qd3 Nd7 24. c3 Nc5 25. Qe2 Nb3 26. Rab1 Qc5 27. Qc4
Qxc4 28. Bxc4 Nca5 29. Bxb3 Nxb3 30. cxd4 Nxd4 31. Be3 Nc6 1/2-1/2

[Event "Gibtelecom AmatWk2 5th"]
[Site "Gibraltar"]
[Date "2007.01.30"]
[Round "3.33"]
[White "Bath, Tom"]
[Black "Jenner, Tim"]
[Result "1-0"]
[WhiteElo "1400"]
[BlackElo "1232"]
[PlyCount "43"]
[EventDate "2007.01.28"]
[EventType "swiss"]
[EventRounds "5"]
[EventCountry "GGB"]
[SourceTitle "BritBase"]
[Source "www.saund.co.uk"]
[SourceDate "2018.02.10"]
[SourceVersion "1"]
[SourceVersionDate "2018.02.10"]
[SourceQuality "1"]

1. e4 c6 2. d4 d5 3. Nc3 dxe4 4. Nxe4 Bf5 5. Nc3 Nf6 6. Be3 e6 7. Bd3 Bxd3 8.
Qxd3 Nbd7 9. Nge2 Be7 10. O-O O-O 11. Rae1 Qc8 12. Bg5 Rd8 13. Qh3 c5 14. Nf4
cxd4 15. Ne4 h6 16. Nxe6 Re8 17. Nxg7 Kxg7 18. Bxh6+ Kh7 19. Bf8+ Kg6 20. Qh6+
Kf5 21. Ng3+ Kg4 22. h3# 1-0

[Event "Gibtelecom AmatWk2 5th"]
[Site "Gibraltar"]
[Date "2007.01.30"]
[Round "3.34"]
[White "McGladdery, David G"]
[Black "Sandercock, E Barry"]
[Result "1/2-1/2"]
[WhiteElo "1352"]
[BlackElo "1648"]
[PlyCount "44"]
[EventDate "2007.01.28"]
[EventType "swiss"]
[EventRounds "5"]
[EventCountry "GGB"]
[SourceTitle "BritBase"]
[Source "www.saund.co.uk"]
[SourceDate "2018.02.10"]
[SourceVersion "1"]
[SourceVersionDate "2018.02.10"]
[SourceQuality "1"]

1. Nf3 d5 2. d4 e6 3. a3 c6 4. Bf4 f5 5. e3 Nf6 6. c4 Bd6 7. Ne5 Bd7 8. Nc3
Bxe5 9. Bxe5 O-O 10. Bd3 Be8 11. cxd5 Nxd5 12. O-O Bg6 13. Ne2 Qe7 14. Nf4 Nxf4
15. Bxf4 Nd7 16. Rc1 Nb6 17. Re1 Rad8 18. Qf3 Qh4 19. Bc7 Rd7 20. Bxb6 axb6 21.
Bc4 Qf6 22. Qf4 Rfd8 1/2-1/2

[Event "Gibtelecom AmatWk2 5th"]
[Site "Gibraltar"]
[Date "2007.01.30"]
[Round "3.35"]
[White "Barclay, Richard"]
[Black "Garcia Lechugo, Francisco"]
[Result "1-0"]
[WhiteElo "1752"]
[BlackElo "1300"]
[PlyCount "77"]
[EventDate "2007.01.28"]
[EventType "swiss"]
[EventRounds "5"]
[EventCountry "GGB"]
[SourceTitle "BritBase"]
[Source "www.saund.co.uk"]
[SourceDate "2018.02.10"]
[SourceVersion "1"]
[SourceVersionDate "2018.02.10"]
[SourceQuality "1"]

1. e4 c6 2. d4 Na6 3. Bxa6 Qa5+ 4. Nc3 Qxa6 5. Nge2 d6 6. O-O Bg4 7. f3 Bh5 8.
Be3 e6 9. Qd2 d5 10. a3 Nf6 11. Nf4 O-O-O 12. e5 Bg6 13. exf6 gxf6 14. b4 Qb6
15. Na4 Qc7 16. Ne2 Rg8 17. Bf4 Bd6 18. Bxd6 Qxd6 19. Nc5 Rg7 20. Nd3 Rdg8 21.
Ne1 Bf5 22. Qf4 Qxf4 23. Nxf4 e5 24. Nh5 Rg6 25. Ng3 Be6 26. Rd1 h5 27. Nxh5
Rh6 28. Ng3 Rgh8 29. h3 f5 30. f4 e4 31. Kf2 Rg6 32. Ne2 f6 33. c3 Bf7 34. Nc2
Rg7 35. Ne3 Be6 36. Rg1 Rhg8 37. g3 Bf7 38. Nxf5 Rh7 39. Ne7+ 1-0